000 00699nam a2200241Ia 4500
003 OSt
005 20220924121741.0
006 a|||||r|||| 00| 0
007 ta
008 220923b |||||||| |||| 00| 0 urd d
024 _a321568
037 _cTextual
040 _aARTS
_cARTS
_burd
041 _2urd
_aurd
082 _aQ7:3, 168K5
100 _aFarooqi Kamal Au.
_9187169
245 0 _aIjma aur bab ijtehad
260 _aKarachi
_bMarkazi idara tehqeeqat islamia Pakistan
_c1965
650 _aTHEOLOGY
700 _a Siddiqui Mazharuddin Tr.
_9187170
942 _hQ7:3, 168K5
_cTEXL
_2CC
999 _c408894
_d408894